| 000 | 01434cam a22001934a 4500 | ||
|---|---|---|---|
| 005 | 20250605163350.0 | ||
| 008 | 250528s ||||||||||||||||||||||||d | ||
| 035 | _a17681 | ||
| 020 | _a9780890425558 | ||
| 040 |
_aGR-AtMCL _bgre _dGR-AtMCL _eAACR2 |
||
| 245 | 1 | _aDiagnostic and Statistical Manual of Mental Disorders / DSM-5: Fifth Edition | |
| 250 | _a5th | ||
| 260 |
_bAbingdon Press, _c2013 |
||
| 300 | _a948 | ||
| 520 | _aDSM-5 Classification, Preface, DSM-5 Basics, Introduction, Cautionary Statement for Forensic Use of DSM-5, Diagnostic Criteria and Codes, Neurodevelopmental Disorders, Schizophrenia Spectrum and Other Psychotic Disorders, Bipolar and Related Disorders, Depressive Disorders, Anxiety Disorders, Obsessive-Compulsive and Related Disorders, Trauma - and Stressor-Related Disorders, Feeding and Eating Disorders, Sleep-Wake Disorders, Sexual Dysfunctions, Gender Dysphoria, Disruptive and Impulse Control and Conduct Disorders, Sustance-Related and Addictive Disorders, Neurocognitive Disorders, Personality Disorders, Paraphilic Disorders, Other Mental Disorders, Medication-Induced Movement Disorders and Other Adverse Effects of Medication, Other Conditions that May Be a Focus of Clinical Attention, Emerging Measures and Models, Assessment Measures, Cultural Formulation, Alternative DSM-5 Model for Personality Disorders, Appendices, Index. | ||
| 942 | _cBK | ||
| 999 |
_c3083 _d3083 |
||